Państwa z największą liczbą stref czasowych - Statystyki

Ogólne statystyki
  • Ten quiz został rozwiązany 28 954 razy
  • Średni wynik to 7 z 10
Statystyki odpowiedzi
# Kraj % Poprawnych
11 Stany Zjednoczone
99%
11 Rosja
98%
6 Kanada
93%
4 Brazylia
85%
9 Australia
81%
4 Meksyk
67%
12 Francja
60%
9 Wielka Brytania
56%
5 Dania
37%
5 Nowa Zelandia
29%
Nie znaleziono quizów pasujących do podanych kryteriów
Rozkład punktacji
Procent ludzi z każdym wynikiem
Percentyl według liczby udzielonych odpowiedzi
Twoja historia wyników
Nie rozwiązałeś tego quizu